[Event "Titled Tuesday intern op 23rd Jan Late"]
[Site "Chess.com INT"]
[Date "2024.01.23"]
[Round "2"]
[White "Kilpatrick, Callum"]
[Black "Perez, Flavio"]
[Result "0-1"]
[WhiteElo "2404"]
[BlackElo "2266"]
[PlyCount "80"]
[EventDate "2024.01.23"]
[EventType "swiss (blitz)"]
[EventRounds "11"]
[EventCountry "USA"]
[SourceTitle "CB05_2024"]
[SourceDate "2024.01.31"]
[SourceVersion "1"]
[SourceVersionDate "2024.01.31"]
[SourceQuality "1"]

1. e4 c5 2. Nf3 e6 3. d4 cxd4 4. Nxd4 Nc6 5. Nc3 a6 6. Nxc6 bxc6 7. Bd3 e5 8. 0-0 Nf6 9. Na4 d5 10. exd5 cxd5 11. c4 e4 12. Bc2 Be6 13. Bg5 Be7 14. cxd5 Bxd5 15. Nb6 Qxb6 16. Bxf6 Bxf6 17. Qxd5 0-0 18. Qxe4 g6 19. Rab1 Rae8 20. Qa4 Re2 21. Bd3 Rd2 22. Qxa6 Qxa6 23. Bxa6 Bxb2 24. Rfd1 Rfd8 25. Rxd2 Rxd2 26. Bc4 Bd4 27. Rf1 Kg7 28. g3 f5 29. Kg2 g5 30. h3 h5 31. Kf3 Kf6 32. Bb3 g4+ 33. hxg4 hxg4+ 34. Kg2 Rb2 35. Bd5 Kg5 36. Bc4 f4 37. gxf4+ Kxf4 38. Bb3 g3 39. Rd1 Rxf2+ 40. Kh3 Rh2# 0-1

[Event "BCF-chT 2324 (4NCL)"]
[Site "England"]
[Date "2024.01.14"]
[Round "4.5"]
[White "Kilpatrick, Callum"]
[Black "Powierski, Emil"]
[Result "0-1"]
[WhiteElo "2404"]
[BlackElo "2285"]
[PlyCount "86"]
[EventDate "2023.11.11"]
[EventType "team-tourn"]
[EventRounds "11"]
[EventCountry "ENG"]
[SourceTitle "CB11_2024"]
[SourceDate "2024.03.13"]
[SourceVersion "1"]
[SourceVersionDate "2024.03.13"]
[SourceQuality "1"]
[WhiteTeam "Celtic Tigers"]
[BlackTeam "Oxford"]
[WhiteTeamCountry "ENG"]
[BlackTeamCountry "ENG"]

1. e4 c5 2. Nf3 e6 3. d4 cxd4 4. Nxd4 Nf6 5. Nc3 Nc6 6. a3 d6 7. g3 Be7 8. Bg2 Nxd4 9. Qxd4 e5 10. Qd3 0-0 11. Bg5 Be6 12. 0-0 Rc8 13. Rfd1 Qb6 14. Bxf6 Bxf6 15. Rab1 Be7 16. h4 Rc4 17. Qf3 a6 18. Bf1 Rc6 19. Re1 Qc7 20. Bd3 Qd7 21. Nd5 Bxd5 22. exd5 Rc5 23. b4 Rc7 24. c4 f5 25. Qe3 Bf6 26. Bf1 e4 27. Rbc1 Kh8 28. Kg2 Qf7 29. c5 Be5 30. Red1 f4 31. Qxe4 fxg3 32. f3 Bf4 33. Rc4 g5 34. Bd3 Re7 35. Qd4+ Be5 36. Qg4 h5 37. Qe4 Bb2 38. Qf5 Qxf5 39. Bxf5 Rxf5 40. cxd6 Rd7 41. Rc8+ Kg7 42. Rc7 Rff7 43. hxg5 Be5 0-1

[Event "BCF-chT 2324 (4NCL)"]
[Site "England"]
[Date "2023.11.12"]
[Round "2.3"]
[White "Kilpatrick, Callum"]
[Black "Wadsworth, Matthew J"]
[Result "1/2-1/2"]
[WhiteElo "2404"]
[BlackElo "2452"]
[PlyCount "188"]
[EventDate "2023.11.11"]
[EventType "team-tourn"]
[EventRounds "11"]
[EventCountry "ENG"]
[SourceTitle "CB46_2023"]
[SourceDate "2023.11.15"]
[SourceVersion "1"]
[SourceVersionDate "2023.11.15"]
[SourceQuality "1"]
[WhiteTeam "Celtic Tigers"]
[BlackTeam "Wood Green"]
[WhiteTeamCountry "ENG"]
[BlackTeamCountry "ENG"]

1. e4 c6 2. Nf3 d5 3. Nc3 Bg4 4. h3 Bxf3 5. Qxf3 e6 6. Be2 Bc5 7. 0-0 Nd7 8. Qg3 Bd4 9. exd5 exd5 10. Bd1 Ne7 11. Ne2 Be5 12. Qf3 d4 13. c3 0-0 14. cxd4 Bf6 15. d3 Nb6 16. Be3 a5 17. Bb3 a4 18. Bc4 a3 19. bxa3 Ned5 20. Rab1 Re8 21. Bxd5 Nxd5 22. Rxb7 Rxa3 23. Nf4 Rxa2 24. Nxd5 cxd5 25. Rc1 Qd6 26. g3 Qe6 27. h4 h6 28. Rb5 Rd8 29. Kg2 Re8 30. Kg1 Rd8 31. Rcb1 Ra6 32. Kg2 Rc6 33. Rb7 Re8 34. R1b5 Rd8 35. Ra7 Rcd6 36. Rbb7 R6d7 37. Rxd7 Rxd7 38. Rxd7 Qxd7 39. Bxh6 Bxd4 40. Be3 Bf6 41. Qf4 d4 42. Bd2 Qb5 43. Qe4 g6 44. Bf4 Qc5 45. g4 Bxh4 46. Be5 Qe7 47. Qxd4 Qb7+ 48. f3 Qe7 49. Kh3 Bf2 50. Qb2 f6 51. Qxf2 fxe5 52. Qb6 Qg5 53. Qb8+ Kf7 54. Qb7+ Kf6 55. Qc6+ Kg7 56. Qe4 Kf7 57. Kg3 Kg7 58. Qb7+ Kg8 59. Qe4 Kg7 60. f4 exf4+ 61. Qxf4 Qc5 62. g5 Qg1+ 63. Kf3 Qf1+ 64. Ke4 Qe2+ 65. Kd4 Qb2+ 66. Ke4 Qe2+ 67. Kd5 Qa2+ 68. Kd6 Qa6+ 69. Kd5 Qa2+ 70. Kd4 Qa1+ 71. Ke4 Qe1+ 72. Qe3 Qh1+ 73. Ke5 Qh2+ 74. Kd5 Qa2+ 75. Kc6 Qa4+ 76. Kd6 Qa6+ 77. Ke5 Qb5+ 78. Kf4 Qf5+ 79. Kg3 Kh7 80. d4 Kg8 81. Qe8+ Kh7 82. Qe7+ Kg8 83. Qe8+ Kh7 84. Qe5 Qf1 85. d5 Qg1+ 86. Kf3 Qf1+ 87. Kg4 Qg2+ 88. Kh4 Qh1+ 89. Kg3 Qg1+ 90. Kf3 Qf1+ 91. Ke4 Qe2+ 92. Kd4 Qb2+ 93. Ke4 Qe2+ 94. Kd4 Qb2+ 1/2-1/2

[Event "BCF-chT 2324 (4NCL)"]
[Site "England"]
[Date "2023.11.11"]
[Round "1.6"]
[White "Gordon, Frederick"]
[Black "Kilpatrick, Callum"]
[Result "1/2-1/2"]
[WhiteElo "2344"]
[BlackElo "2404"]
[PlyCount "95"]
[EventDate "2023.11.11"]
[EventType "team-tourn"]
[EventRounds "11"]
[EventCountry "ENG"]
[SourceTitle "CB46_2023"]
[SourceDate "2023.11.15"]
[SourceVersion "1"]
[SourceVersionDate "2023.11.15"]
[SourceQuality "1"]
[WhiteTeam "Alba"]
[BlackTeam "Celtic Tigers"]
[WhiteTeamCountry "ENG"]
[BlackTeamCountry "ENG"]

1. e4 e5 2. Nf3 Nc6 3. Bc4 Nf6 4. Ng5 d5 5. exd5 Na5 6. Bb5+ Bd7 7. Qe2 Be7 8. Nf3 Nxd5 9. Nxe5 Bxb5 10. Qxb5+ c6 11. Qe2 0-0 12. 0-0 Bd6 13. Nd3 c5 14. Nc3 Nf6 15. b3 Re8 16. Qd1 a6 17. Ba3 Qc7 18. g3 b5 19. b4 c4 20. Nf4 Bxf4 21. bxa5 Qxa5 22. Bb2 Be5 23. Qf3 Rad8 24. Rfe1 Rxd2 25. Ne4 Rxc2 26. Bxe5 Rxe5 27. Nxf6+ gxf6 28. Rxe5 fxe5 29. Qa8+ Kg7 30. Qe4 Qc3 31. Qg4+ Kf8 32. Qc8+ Kg7 33. Qg4+ Kf8 34. Qc8+ Ke7 35. Qc7+ Ke6 36. Qc6+ Ke7 37. Qc7+ Ke6 38. Qc8+ Kf6 39. Qd8+ Kf5 40. Qd7+ Kf6 41. Qd8+ Kf5 42. Qd7+ Kg6 43. Qg4+ Kf6 44. Rd1 Rd2 45. Qh4+ Kg6 46. Qg4+ Kf6 47. Qh4+ Kg6 48. Qg4+ 1/2-1/2

[Event "Titled Tuesday intern op 26th Jul Late"]
[Site "Chess.com INT"]
[Date "2022.07.26"]
[Round "6"]
[White "Kilpatrick, Callum"]
[Black "De Gleria, Francesco"]
[Result "1-0"]
[WhiteElo "2413"]
[BlackElo "2372"]
[PlyCount "55"]
[EventDate "2022.07.26"]
[EventType "swiss (blitz)"]
[EventRounds "11"]
[EventCountry "USA"]
[SourceTitle "EXT 2023"]
[Source "ChessBase"]
[SourceDate "2022.10.05"]
[SourceVersion "1"]
[SourceVersionDate "2022.10.05"]
[SourceQuality "1"]

1. e4 c5 2. Nf3 d6 3. c3 Nf6 4. Be2 Nbd7 5. Qc2 g6 6. 0-0 Bg7 7. d4 0-0 8. Re1 e5 9. dxe5 dxe5 10. h3 b6 11. Na3 Bb7 12. Bf1 Qe7 13. Bg5 h6 14. Bh4 g5 15. Bg3 Nh5 16. Bh2 Rad8 17. Rad1 Nf4 18. Bc4 Nf6 19. Bxf4 exf4 20. e5 Nd5 21. Nb5 Nc7 22. Nd6 Bxf3 23. gxf3 Bxe5 24. Qg6+ Kh8 25. Qxh6+ Kg8 26. Qg6+ Kh8 27. Nxf7+ Rxf7 28. Bxf7 1-0

[Event "BCF-chT 2122 (4NCL)"]
[Site "England"]
[Date "2022.05.02"]
[Round "9.43"]
[White "O'Donnell, Conor"]
[Black "Kilpatrick, Callum"]
[Result "1/2-1/2"]
[WhiteElo "2281"]
[BlackElo "2409"]
[PlyCount "93"]
[EventDate "2021.11.27"]
[EventType "team-swiss"]
[EventRounds "11"]
[EventCountry "ENG"]
[SourceTitle "EXT 2023"]
[Source "ChessBase"]
[SourceDate "2022.10.05"]
[SourceVersion "1"]
[SourceVersionDate "2022.10.05"]
[SourceQuality "1"]
[WhiteTeam "Wood Green Youth"]
[BlackTeam "Guildford Young Guns"]
[WhiteTeamCountry "ENG"]
[BlackTeamCountry "ENG"]

1. Nf3 Nf6 2. c4 g6 3. Nc3 d5 4. cxd5 Nxd5 5. Qb3 Nb6 6. d4 Bg7 7. e4 0-0 8. Be3 Bg4 9. Rd1 Nc6 10. d5 Ne5 11. Be2 Nxf3+ 12. gxf3 Bh3 13. Rg1 c6 14. f4 Qc7 15. Rg3 Bc8 16. Rc1 Qb8 17. dxc6 bxc6 18. f5 Kh8 19. Qb4 Nd7 20. Qxe7 Qxb2 21. Nd1 Qf6 22. Qxf6 Bxf6 23. Rxc6 Bg7 24. fxg6 fxg6 25. Bd2 Nf6 26. f3 Nh5 27. Rg5 Nf4 28. Bc3 Be6 29. Ra5 Rf7 30. Bxg7+ Kxg7 31. Bf1 Rb8 32. Rca6 Rbb7 33. Nc3 Bh3 34. Nb5 Bxf1 35. Kxf1 Rbd7 36. Nd6 Rfe7 37. Nc8 Rd1+ 38. Kf2 Rf7 39. Rxa7 Rd2+ 40. Ke3 Rd3+ 41. Kf2 Rd2+ 42. Ke1 Rxh2 43. Nd6 Rxa7 44. Rxa7+ Kg8 45. Ra8+ Kg7 46. Ra7+ Kg8 47. Ra8+ 1/2-1/2

[Event "BCF-chT 2122 (4NCL)"]
[Site "England"]
[Date "2022.03.27"]
[Round "6.15"]
[White "Harvey, Marcus Ross"]
[Black "Kilpatrick, Callum"]
[Result "0-1"]
[WhiteElo "2464"]
[BlackElo "2409"]
[PlyCount "68"]
[EventDate "2021.11.27"]
[EventType "team-swiss"]
[EventRounds "11"]
[EventCountry "ENG"]
[SourceTitle "EXT 2023"]
[Source "ChessBase"]
[SourceDate "2022.10.05"]
[SourceVersion "1"]
[SourceVersionDate "2022.10.05"]
[SourceQuality "1"]
[WhiteTeam "Wood Green"]
[BlackTeam "Guildford Young Guns"]
[WhiteTeamCountry "ENG"]
[BlackTeamCountry "ENG"]

1. c4 Nf6 2. Nc3 d5 3. cxd5 Nxd5 4. Nf3 g6 5. h4 Bg7 6. h5 Nxc3 7. bxc3 c5 8. Qb3 Nc6 9. Ng5 e6 10. Ne4 b6 11. d3 f5 12. Bg5 Qc7 13. h6 Be5 14. Nd2 0-0 15. Rc1 Na5 16. Qa4 Bb7 17. Qh4 f4 18. Nf3 Rf5 19. Rh3 Raf8 20. e4 R5f7 21. Be2 Bh8 22. Nd2 Nc6 23. g3 f3 24. Bf1 Ne5 25. Bf4 Qd7 26. Bxe5 Bxe5 27. Qg5 Bf6 28. Qe3 Qd8 29. Nxf3 Bxc3+ 30. Rxc3 Rxf3 31. Qd2 Rxf2 32. Be2 Qf6 33. Rc1 Rf1+ 34. Bxf1 Qxf1# 0-1

[Event "BCF-chT 2122 (4NCL)"]
[Site "England"]
[Date "2022.03.26"]
[Round "5.15"]
[White "Bobras, Piotr"]
[Black "Kilpatrick, Callum"]
[Result "1/2-1/2"]
[WhiteElo "2495"]
[BlackElo "2409"]
[PlyCount "71"]
[EventDate "2021.11.27"]
[EventType "team-swiss"]
[EventRounds "11"]
[EventCountry "ENG"]
[SourceTitle "EXT 2023"]
[Source "ChessBase"]
[SourceDate "2022.10.05"]
[SourceVersion "1"]
[SourceVersionDate "2022.10.05"]
[SourceQuality "1"]
[WhiteTeam "Chess.com Manx Liberty"]
[BlackTeam "Guildford Young Guns"]
[WhiteTeamCountry "ENG"]
[BlackTeamCountry "ENG"]

1. d4 Nf6 2. c4 g6 3. Nc3 d5 4. cxd5 Nxd5 5. e4 Nxc3 6. bxc3 Bg7 7. Nf3 c5 8. Bb5+ Nc6 9. 0-0 a6 10. Bxc6+ bxc6 11. Ba3 cxd4 12. cxd4 0-0 13. h3 Rb8 14. Qc2 Re8 15. Bc5 Qc7 16. Rab1 h6 17. Rxb8 Qxb8 18. Rb1 Qf4 19. Qe2 g5 20. Qe3 Qxe3 21. fxe3 e5 22. Rb8 exd4 23. exd4 Bd7 24. Rxe8+ Bxe8 25. Kf2 f6 26. Nd2 h5 27. g4 Bf7 28. a3 Be6 29. Kf3 hxg4+ 30. hxg4 Bf8 31. Bxf8 Kxf8 32. Nf1 Ke7 33. Ne3 Kd6 34. Ke2 Ba2 35. Nf5+ Kd7 36. Kd3 1/2-1/2

[Event "BCF-chT 2122 (4NCL)"]
[Site "England"]
[Date "2022.02.12"]
[Round "3.34"]
[White "Kilpatrick, Callum"]
[Black "Dickinson, Timothy R"]
[Result "1-0"]
[WhiteElo "2409"]
[BlackElo "2047"]
[PlyCount "105"]
[EventDate "2021.11.27"]
[EventType "team-swiss"]
[EventRounds "11"]
[EventCountry "ENG"]
[SourceTitle "EXT 2023"]
[Source "ChessBase"]
[SourceDate "2022.10.05"]
[SourceVersion "1"]
[SourceVersionDate "2022.10.05"]
[SourceQuality "1"]
[WhiteTeam "Guildford Young Guns"]
[BlackTeam "Oxford"]
[WhiteTeamCountry "ENG"]
[BlackTeamCountry "ENG"]

1. e4 e5 2. Nf3 Nc6 3. Bb5 a6 4. Ba4 Nf6 5. 0-0 Be7 6. Re1 b5 7. Bb3 0-0 8. d4 d6 9. c3 Bg4 10. Be3 Na5 11. dxe5 Bxf3 12. Qxf3 dxe5 13. Bc2 Qd7 14. Nd2 Qg4 15. b4 Nc4 16. Nxc4 Qxf3 17. gxf3 bxc4 18. Bd1 c5 19. a3 a5 20. bxa5 Rxa5 21. Be2 Rfa8 22. Bc1 Ra4 23. Bd1 R4a6 24. Be2 Ra4 25. Rb1 Nh5 26. Rb7 Bf8 27. Rd1 Nf4 28. Bf1 Ne6 29. Rd5 f6 30. h4 Nf4 31. Rdd7 h5 32. Kh2 Kh7 33. Kg3 Kg6 34. Bxf4 exf4+ 35. Kxf4 Rxa3 36. Bxc4 Rxc3 37. Bf7+ Kh6 38. Rd5 g6 39. Rdd7 Raa3 40. Kg3 Rxf3+ 41. Kg2 Rf4 42. Bd5 g5 43. Rh7+ Kg6 44. Rh8 gxh4 45. Rxf8 h3+ 46. Kh1 Rxf2 47. Rg8+ Kh6 48. Rg1 h4 49. Rbg7 Rg3 50. R7xg3 hxg3 51. Rxg3 h2 52. Rc3 Kg5 53. Be6 1-0

[Event "Titled Tuesday intern op 14th Dec"]
[Site "Chess.com INT"]
[Date "2021.12.14"]
[Round "4"]
[White "Terry, Renato"]
[Black "Kilpatrick, Callum"]
[Result "1-0"]
[WhiteElo "2504"]
[BlackElo "2409"]
[PlyCount "87"]
[EventDate "2021.12.14"]
[EventType "swiss (blitz)"]
[EventRounds "11"]
[EventCountry "USA"]
[SourceTitle "EXT 2023"]
[Source "ChessBase"]
[SourceDate "2022.10.05"]
[SourceVersion "1"]
[SourceVersionDate "2022.10.05"]
[SourceQuality "1"]

1. e4 e5 2. Nf3 Nc6 3. c3 Nf6 4. d4 Nxe4 5. d5 Ne7 6. Nxe5 Ng6 7. Nxg6 hxg6 8. Bd3 Nc5 9. 0-0 Nxd3 10. Qxd3 Be7 11. Re1 0-0 12. Qe3 Bf6 13. d6 cxd6 14. Nd2 d5 15. Nf3 d6 16. Qd3 Be6 17. Be3 Re8 18. Nd4 Bxd4 19. Bxd4 Bf5 20. Qd2 Re4 21. f3 Rxe1+ 22. Rxe1 Qd7 23. Qe3 b6 24. g4 Be6 25. Qg5 Qd8 26. Qf4 Qh4 27. Re2 Re8 28. Qxd6 Qg5 29. Kg2 Rd8 30. Qc7 Rc8 31. Qxa7 Bxg4 32. fxg4 Qxg4+ 33. Kf1 Qf3+ 34. Ke1 g5 35. Qd7 Ra8 36. Re8+ Rxe8+ 37. Qxe8+ Kh7 38. Qe2 Qf5 39. Kd2 g4 40. Qd3 Kg6 41. Bxb6 Kg5 42. Qxf5+ Kxf5 43. a4 Ke4 44. a5 1-0

[Event "Newcastle Northumbria Masters GM"]
[Site "Newcastle on Tyne"]
[Date "2021.08.29"]
[Round "6"]
[White "Harvey, Marcus Ross"]
[Black "Kilpatrick, Callum"]
[Result "0-1"]
[WhiteElo "2440"]
[BlackElo "2381"]
[PlyCount "44"]
[EventDate "2021.08.26"]
[EventType "tourn"]
[EventRounds "9"]
[EventCountry "ENG"]
[EventCategory "8"]
[SourceTitle "CBM 204 Extra"]
[Source "ChessBase"]
[SourceDate "2021.11.30"]
[SourceVersion "1"]
[SourceVersionDate "2021.11.30"]
[SourceQuality "1"]

1. Nf3 Nf6 2. c4 g6 3. b3 Bg7 4. Bb2 0-0 5. g3 d6 6. d4 c5 7. Bg2 Nc6 8. 0-0 cxd4 9. Nxd4 Nxd4 10. Bxd4 Qa5 11. e3 Bg4 12. Qd2 Qh5 13. Bb2 Bf3 14. Nc3 Rfd8 15. e4 Ng4 16. h3 Ne5 17. g4 Qh4 18. Nd5 e6 19. Ne3 h5 20. gxh5 Bxg2 21. Bxe5 Bf3 22. Bh2 Qxh3 0-1

[Event "Newcastle Northumbria Masters GM"]
[Site "Newcastle on Tyne"]
[Date "2021.08.29"]
[Round "7"]
[White "Kilpatrick, Callum"]
[Black "Fodor, Tamas Jr"]
[Result "1/2-1/2"]
[WhiteElo "2381"]
[BlackElo "2520"]
[PlyCount "36"]
[EventDate "2021.08.26"]
[EventType "tourn"]
[EventRounds "9"]
[EventCountry "ENG"]
[EventCategory "8"]
[SourceTitle "CBM 204 Extra"]
[Source "ChessBase"]
[SourceDate "2021.11.30"]
[SourceVersion "1"]
[SourceVersionDate "2021.11.30"]
[SourceQuality "1"]

1. e4 e6 2. d4 d5 3. Nd2 c5 4. Ngf3 cxd4 5. Nxd4 Nc6 6. Bb5 Bd7 7. Nxc6 Bxc6 8. Bxc6+ bxc6 9. c4 dxe4 10. Qa4 Qb6 11. Nxe4 Bb4+ 12. Nc3 Nf6 13. 0-0 0-0 14. Qc2 Qd4 15. Ne2 Qe4 16. Qxe4 Nxe4 17. Be3 a5 18. Rfd1 Rab8 1/2-1/2

[Event "Newcastle Northumbria Masters GM"]
[Site "Newcastle on Tyne"]
[Date "2021.08.28"]
[Round "5"]
[White "Kilpatrick, Callum"]
[Black "Haria, Ravi"]
[Result "0-1"]
[WhiteElo "2381"]
[BlackElo "2440"]
[PlyCount "56"]
[EventDate "2021.08.26"]
[EventType "tourn"]
[EventRounds "9"]
[EventCountry "ENG"]
[EventCategory "8"]
[SourceTitle "CBM 204 Extra"]
[Source "ChessBase"]
[SourceDate "2021.11.30"]
[SourceVersion "1"]
[SourceVersionDate "2021.11.30"]
[SourceQuality "1"]

1. e4 e6 2. d4 d5 3. Nd2 c5 4. Ngf3 cxd4 5. Nxd4 Nc6 6. Bb5 Bd7 7. Nxc6 bxc6 8. Bd3 Bd6 9. Qe2 e5 10. exd5 cxd5 11. c4 Nf6 12. 0-0 Bg4 13. f3 Be6 14. cxd5 Nxd5 15. Bb5+ Kf8 16. Ne4 Be7 17. Kh1 f5 18. Nc3 Nxc3 19. bxc3 Qc7 20. Re1 Bf6 21. Bf4 Kf7 22. a4 a6 23. Bd3 Rhd8 24. Bg3 Qxc3 25. Bxa6 Rd2 26. Qb5 Rb2 27. Rac1 Qd2 28. Qe2 Rxa6 0-1

[Event "Titled Tuesday intern op 17th Aug"]
[Site "Chess.com INT"]
[Date "2021.08.17"]
[Round "8"]
[White "Kilpatrick, Callum"]
[Black "Kopacz, Grzegorz"]
[Result "1-0"]
[WhiteElo "2381"]
[BlackElo "2098"]
[PlyCount "99"]
[EventDate "2021.08.17"]
[EventType "swiss (blitz)"]
[EventRounds "11"]
[EventCountry "USA"]
[SourceTitle "EXT 2022"]
[Source "ChessBase"]
[SourceDate "2021.10.06"]
[SourceVersion "1"]
[SourceVersionDate "2021.10.06"]
[SourceQuality "1"]

1. d4 Nf6 2. Nc3 d5 3. Bg5 Nbd7 4. Qd3 g6 5. 0-0-0 Bg7 6. e4 dxe4 7. Nxe4 Nxe4 8. Qxe4 Nf6 9. Qh4 h6 10. Be3 Nd5 11. Nf3 Nxe3 12. fxe3 e6 13. Qg3 Qd6 14. Qf2 b6 15. Bb5+ Bd7 16. Bxd7+ Qxd7 17. e4 0-0 18. Kb1 c6 19. e5 Rac8 20. h4 Qe7 21. Nd2 c5 22. Ne4 cxd4 23. Qxd4 Rcd8 24. Nd6 Kh7 25. h5 g5 26. Rhf1 Kg8 27. a3 f5 28. exf6 Rxf6 29. Rxf6 Qxf6 30. Qxf6 Bxf6 31. Rd3 Be7 32. Ne4 Rxd3 33. cxd3 Kf7 34. Kc2 e5 35. g4 Ke6 36. Ng3 Kd5 37. Nf5 Bf8 38. b4 b5 39. Kc3 e4 40. Ne3+ Ke5 41. d4+ Kf4 42. Kd2 Bg7 43. d5 Ke5 44. d6 Bf6 45. d7 Kd6 46. Nf5+ Kxd7 47. Nxh6 Ke6 48. Nf5 Ke5 49. Ke3 Be7 50. Nxe7 1-0

[Event "Titled Tuesday intern op 17th Aug"]
[Site "Chess.com INT"]
[Date "2021.08.17"]
[Round "4"]
[White "Yaran, Siar"]
[Black "Kilpatrick, Callum"]
[Result "1-0"]
[WhiteElo "2272"]
[BlackElo "2381"]
[PlyCount "83"]
[EventDate "2021.08.17"]
[EventType "swiss (blitz)"]
[EventRounds "11"]
[EventCountry "USA"]
[SourceTitle "EXT 2022"]
[Source "ChessBase"]
[SourceDate "2021.10.06"]
[SourceVersion "1"]
[SourceVersionDate "2021.10.06"]
[SourceQuality "1"]

1. e4 g6 2. d4 Bg7 3. Nf3 c5 4. d5 d6 5. h3 Nf6 6. Bd3 0-0 7. c4 e6 8. Nc3 exd5 9. cxd5 b5 10. Bxb5 Nxe4 11. Nxe4 Qa5+ 12. Nfd2 Qxb5 13. Nxd6 Qa6 14. N2c4 Nd7 15. 0-0 Ne5 16. Nxc8 Raxc8 17. Nxe5 Bxe5 18. Bg5 Bxb2 19. Rb1 Bd4 20. Be7 Qxa2 21. d6 Qd5 22. Qb3 Qc6 23. Qb7 Qxb7 24. Rxb7 Rfd8 25. d7 Ra8 26. Bxd8 Rxd8 27. Rxa7 Kf8 28. Re1 f6 29. Rc7 Kf7 30. Kf1 Be5 31. Rb7 c4 32. g3 c3 33. f4 Bd4 34. Ke2 f5 35. Kd3 Bf6 36. Kc2 Bg7 37. Re3 Bf6 38. g4 Bg7 39. g5 Bh8 40. h4 Bg7 41. h5 gxh5 42. Rh3 1-0

[Event "Titled Tuesday intern op 20th July"]
[Site "Chess.com INT"]
[Date "2021.07.20"]
[Round "1"]
[White "Granara Barreto, Sebastian A"]
[Black "Kilpatrick, Callum"]
[Result "0-1"]
[WhiteElo "2156"]
[BlackElo "2381"]
[PlyCount "38"]
[EventDate "2021.07.20"]
[EventType "swiss (blitz)"]
[EventRounds "11"]
[EventCountry "USA"]
[SourceTitle "CBM 203 Extra"]
[Source "ChessBase"]
[SourceDate "2021.09.30"]
[SourceVersion "1"]
[SourceVersionDate "2021.09.30"]
[SourceQuality "1"]

1. e4 e5 2. f4 Bc5 3. Nf3 d6 4. Bc4 Nf6 5. Nc3 Nc6 6. d3 Bg4 7. h3 Bxf3 8. Qxf3 Nd4 9. Qd1 c6 10. Be3 Nxc2+ 11. Qxc2 Bxe3 12. fxe5 Nh5 13. Ne2 dxe5 14. Qb3 0-0 15. g4 Qh4+ 16. Kd1 Ng3 17. Nxg3 Qxg3 18. Rf1 Bf4 19. Ke2 Qe3+ 0-1

[Event "Titled Tuesday intern op 20th July"]
[Site "Chess.com INT"]
[Date "2021.07.20"]
[Round "10"]
[White "Kilpatrick, Callum"]
[Black "Akhayan, Ruben"]
[Result "1-0"]
[WhiteElo "2381"]
[BlackElo "2259"]
[PlyCount "91"]
[EventDate "2021.07.20"]
[EventType "swiss (blitz)"]
[EventRounds "11"]
[EventCountry "USA"]
[SourceTitle "CBM 203 Extra"]
[Source "ChessBase"]
[SourceDate "2021.09.30"]
[SourceVersion "1"]
[SourceVersionDate "2021.09.30"]
[SourceQuality "1"]

1. e4 e6 2. d4 d5 3. Nc3 Nf6 4. Bg5 dxe4 5. Nxe4 Be7 6. Bxf6 gxf6 7. Nf3 f5 8. Ng3 c5 9. dxc5 Bxc5 10. Qxd8+ Kxd8 11. Ne5 Ke7 12. Nd3 Bb6 13. 0-0-0 Bd7 14. Nh5 Bc6 15. Nhf4 Nd7 16. h4 Nf6 17. Be2 Ne4 18. Rhf1 Rac8 19. Bf3 Rc7 20. c3 Rhc8 21. Kb1 Bb5 22. Rfe1 Rd7 23. Bxe4 fxe4 24. Rxe4 Rc4 25. Rxc4 Bxc4 26. b3 Bb5 27. Kc2 Bc6 28. f3 Rd8 29. Ne5 Rxd1 30. Nxc6+ bxc6 31. Kxd1 Kd6 32. Ke2 Ke5 33. Nd3+ Kd5 34. Nb4+ Kd6 35. Kd3 Bd8 36. g3 a5 37. Nc2 f5 38. h5 e5 39. Ne3 Ke6 40. g4 e4+ 41. fxe4 f4 42. Nc4 Kf6 43. Ke2 Kg5 44. Kf3 Bf6 45. Nxa5 Bxc3 46. Nxc6 1-0

[Event "Titled Tuesday intern op 04th May"]
[Site "Chess.com INT"]
[Date "2021.05.04"]
[Round "6"]
[White "Karavaeva, Olga"]
[Black "Kilpatrick, Callum"]
[Result "1-0"]
[WhiteElo "2260"]
[BlackElo "2381"]
[PlyCount "115"]
[EventDate "2021.05.04"]
[EventType "swiss (blitz)"]
[EventRounds "11"]
[EventCountry "USA"]
[SourceTitle "CBM 202 Extra"]
[Source "ChessBase"]
[SourceDate "2021.07.31"]
[SourceVersion "1"]
[SourceVersionDate "2021.07.31"]
[SourceQuality "1"]

1. c4 Nf6 2. Nc3 d5 3. cxd5 Nxd5 4. g3 g6 5. Bg2 Nb6 6. Nf3 Bg7 7. 0-0 0-0 8. d4 Nc6 9. d5 Ne5 10. e4 Bg4 11. Bf4 Nbc4 12. Rb1 c6 13. b3 Nxf3+ 14. Bxf3 Bxf3 15. Qxf3 Ne5 16. Qe2 cxd5 17. Nxd5 e6 18. Nb4 Qd4 19. Nc2 Qb6 20. Rfd1 Rac8 21. Ne3 h6 22. Bxe5 Bxe5 23. Nc4 Qc7 24. Nxe5 Qxe5 25. Rd7 Rc7 26. Rbd1 Rfc8 27. Kg2 Kg7 28. Rxc7 Rxc7 29. f4 Qc3 30. h4 h5 31. Rd3 Qc1 32. Rd2 Qb1 33. Rb2 Qc1 34. f5 exf5 35. exf5 Re7 36. Qf2 gxf5 37. Rc2 Qe3 38. Qxf5 Re6 39. Rf2 f6 40. Qxh5 Re5 41. Qg4+ Kf7 42. Qc4+ Kg6 43. Qc2+ Qe4+ 44. Qxe4+ Rxe4 45. Kf3 Re1 46. Re2 Ra1 47. Kg4 a5 48. a4 b6 49. h5+ Kh6 50. Re6 Kg7 51. Rxb6 Rd1 52. Rb5 Rd4+ 53. Kh3 Kh6 54. Rxa5 Rb4 55. Rb5 Rd4 56. a5 Rd6 57. b4 Rd4 58. a6 1-0

[Event "Titled Tuesday intern op 04th May"]
[Site "Chess.com INT"]
[Date "2021.05.04"]
[Round "1"]
[White "Kilpatrick, Callum"]
[Black "Haessel, Dale R"]
[Result "1-0"]
[WhiteElo "2381"]
[BlackElo "2133"]
[PlyCount "53"]
[EventDate "2021.05.04"]
[EventType "swiss (blitz)"]
[EventRounds "11"]
[EventCountry "USA"]
[SourceTitle "CBM 202 Extra"]
[Source "ChessBase"]
[SourceDate "2021.07.31"]
[SourceVersion "1"]
[SourceVersionDate "2021.07.31"]
[SourceQuality "1"]

1. e4 e5 2. Nf3 Nc6 3. Bb5 Nf6 4. 0-0 Nxe4 5. d4 Nd6 6. Bxc6 dxc6 7. dxe5 Nf5 8. Qxd8+ Kxd8 9. Nc3 Bd7 10. h3 h6 11. g4 Ne7 12. Rd1 Kc8 13. Be3 b6 14. Rd2 c5 15. Rad1 Bc6 16. Rd8+ Kb7 17. Rxa8 Kxa8 18. Rd8+ Kb7 19. Nh4 g6 20. Ng2 Rg8 21. Nf4 Bg7 22. Rxg8 Nxg8 23. e6 fxe6 24. Nxg6 Bxc3 25. bxc3 Be4 26. Nf4 Bxc2 27. Nxe6 1-0

[Event "Titled Tuesday intern op 04th May"]
[Site "Chess.com INT"]
[Date "2021.05.04"]
[Round "4"]
[White "Kilpatrick, Callum"]
[Black "Krysa, Leandro Sergio"]
[Result "0-1"]
[WhiteElo "2381"]
[BlackElo "2527"]
[PlyCount "60"]
[EventDate "2021.05.04"]
[EventType "swiss (blitz)"]
[EventRounds "11"]
[EventCountry "USA"]
[SourceTitle "CBM 202 Extra"]
[Source "ChessBase"]
[SourceDate "2021.07.31"]
[SourceVersion "1"]
[SourceVersionDate "2021.07.31"]
[SourceQuality "1"]

1. e4 e6 2. d4 d5 3. Nc3 h6 4. Nf3 Nf6 5. Bd3 Bb4 6. e5 Ne4 7. Bd2 Nxd2 8. Qxd2 c5 9. a3 Bxc3 10. Qxc3 c4 11. Be2 Nc6 12. 0-0 0-0 13. b3 cxb3 14. cxb3 f6 15. b4 fxe5 16. dxe5 a6 17. Bd3 Rxf3 18. gxf3 d4 19. Qe1 Qg5+ 20. Kh1 Nxe5 21. Qe4 Nxd3 22. Qxd3 Bd7 23. Qxd4 Bc6 24. Qe3 Qf5 25. Rg1 Bxf3+ 26. Rg2 Rd8 27. Re1 Qg4 28. Qxe6+ Qxe6 29. Rxe6 Rd1+ 30. Re1 Rxe1# 0-1